000 01970 a2200325 4500
001 59348
005 20260407155847.0
008 260407a1967 arg spa d
003 AR-UNSa-BCEJYS
040 _aAR-UNSa-BCEJYS
_bspa
_cAR-UNSa-BCEJYS
080 _a330.34(7/8)
_xDesarrollo Económico de América Latina
245 1 0 _aLos empresarios y la integración de América Latina
264 1 _aBuenos Aires :
_bBID/INTAL (Banco Interamericano de Desarrollo. Instituto para la integración de América Latina)
_c1967
300 _a163 p.
_c23 cm.
505 _a1. Papel del empresario en el proceso de integración / Gustavo Lagos – 2. Empresario, integración y desarrollo / Aldo Ferrer – 3. Experiencias y perspectivas de las reuniones sectoriales y de los acuerdos de complementación (ALALC) / Elvio Baldinelli – 4. El empresario y la industrializaciones en el proceso de integración centroamericana / Manuel Noriega Morales – 5. El aporte extranjero a la integración latinoamericana / José Zabala – 6. El papel que juega el capital extranjero en América Latina / Andrés Van Dam – 7. Las escuelas de administración de empresas en la integración latinoamericana / Antonio Angarita Silva, Ary Bouzán y Carlos Omar Bertero – 8. Algunas observaciones acerca de la industrialización y la integración en América Latina / Marcos D. Pollner – 9. Algunas notas sobre la experiencia industrial brasileña / Justo Pinheiro da Fonseca - 10. La integración como instrumento de desarrollo / José María Aragao -
942 _cBK
590 _aniveau_biblio:m niveau_hierar:0
100 1 _aLagos, G.
700 1 _aFerrer, Aldo
700 1 _aBaldinelli, E.
700 1 _aNoriega Morales, M.
700 1 _aZabala, J.
700 1 _aVan Dam, A.
700 1 _aAngarita Silva, A.
700 1 _aBouzan, A.
700 1 _aBertero, C.O.
700 1 _aPollner, M.D.
700 1 _aPinheiro da Fonseca, J.
700 1 _aAragão, José María
999 _c6654
_d6654